000 00856nam a2200193 i 4500
001 187852
003 ES-MaACL
005 20230906223039.0
008 180316s1899 xxk |||| | eng d
110 0 _aGran Bretaña.
_bForeign Office.
_94480
245 1 0 _aSpain
_b: report for the year 1898 on the trade and commerce of the Canary islands : reference to previous report, annual series nº 2039 /
_cpresented to both Houses of Parliament by command of Her Majesty, may 1899.
260 _aLondon :
_bForeing Office,
_c1899.
300 _a14 p. ;
_c25 cm.
490 1 _aDiplomatic and consular reports. Annual series ;
_v2278
651 4 _aEspaña-
_xComercio exterior.
_98178
830 0 _aDiplomatic and consular reports. Annual series ;
_v2278
_9192842
852 _aES-MaACL
_jT-951-F-10
_z.- Legado de González del Campillo
999 _c187852
_d187852